[Event "41 Indiv. Ch. Greece-Men U20 "]
[Site "?"]
[Date "2009.01.08"]
[Round "9.3"]
[White "Papadimitriou, Athanasios"]
[Black "Panagiotakopoulos, Gerasimos"]
[Result "1/2-1/2"]
[WhiteElo "2046"]
[BlackElo "2096"]
[PlyCount "29"]
[EventDate "2009.01.02"]

1. d4 f5 2. e4 fxe4 3. Nc3 Nf6 4. Bg5 Nc6 5. d5 Ne5 6. Qd4 Nf7 7. h4 d6 8. Nxe4
c5 9. Bb5+ Bd7 10. Qd3 Ne5 11. Qe2 Qa5+ 12. Nc3 Nxd5 13. Bd2 Nxc3 14. Bxd7+
Nxd7 15. Bxc3 1/2-1/2

[Event "41 Indiv. Ch. Greece-Men U20 "]
[Site "?"]
[Date "2009.01.08"]
[Round "9.4"]
[White "Tzouganakis, Panteleimon"]
[Black "Pavlidis, Anastasios"]
[Result "0-1"]
[WhiteElo "2023"]
[BlackElo "2371"]
[PlyCount "72"]
[EventDate "2009.01.02"]

1. e4 c5 2. Nf3 d6 3. d4 Nf6 4. Nc3 cxd4 5. Nxd4 g6 6. Be3 Bg7 7. f3 O-O 8. Qd2
Nc6 9. O-O-O d5 10. exd5 Nxd5 11. Nxc6 bxc6 12. Nxd5 cxd5 13. Qxd5 Qc7 14. Qc5
Qb7 15. Qa3 Bf5 16. Bd3 Rab8 17. c3 Bxc3 18. Qxc3 Rfc8 19. Bc4 Rxc4 20. Rd8+
Rxd8 21. Qxc4 Rc8 22. Bc5 Qc7 23. Rd1 Qxc5 24. Rd8+ Kg7 25. Rxc8 Qxc8 26. Qxc8
Bxc8 27. Kd2 Kf6 28. Kd3 Be6 29. a4 Bb3 30. a5 a6 31. Kc3 Ba4 32. Kb4 Bb5 33.
Kc3 Ke5 34. g3 f5 35. b4 f4 36. g4 Bc6 0-1

[Event "41 Indiv. Ch. Greece-Men U20 "]
[Site "?"]
[Date "2009.01.08"]
[Round "9.5"]
[White "Bizopoulos, Alexandros"]
[Black "Skoulakis, Charalambos"]
[Result "0-1"]
[WhiteElo "2146"]
[BlackElo "2068"]
[PlyCount "86"]
[EventDate "2009.01.02"]

1. e4 c5 2. Nf3 e6 3. Nc3 Nc6 4. d4 cxd4 5. Nxd4 Qc7 6. Be2 a6 7. O-O Nf6 8.
Be3 Bb4 9. Na4 Be7 10. Nxc6 bxc6 11. Nb6 Rb8 12. Nxc8 Qxc8 13. e5 Nd5 14. Bc1
c5 15. c4 Nb4 16. b3 Nc6 17. Bb2 Qc7 18. f4 Nd4 19. Kh1 Nf5 20. Rf3 h5 21. g3
Qc6 22. Qd3 Nh6 23. Bf1 h4 24. Bg2 Qc7 25. Bh3 hxg3 26. hxg3 Nf5 27. Kg2 g6 28.
Rh1 a5 29. Rf2 Qb7+ 30. Kg1 a4 31. Rfh2 Qb6 32. Bxf5 Rxh2 33. Rxh2 gxf5 34.
Rh8+ Bf8 35. Ba3 axb3 36. Qxb3 Qc7 37. Qxb8+ Qxb8 38. Bxc5 Qb1+ 39. Kh2 Qxa2+
40. Kh3 d5 41. exd6 Qa1 42. Rxf8+ Kxf8 43. d7+ Kg7 0-1

[Event "41 Indiv. Ch. Greece-Men U20 "]
[Site "?"]
[Date "2009.01.08"]
[Round "9.6"]
[White "Mihopoulos, Konstantinos"]
[Black "Panagiotakos, Nikolaos"]
[Result "1/2-1/2"]
[WhiteElo "1913"]
[BlackElo "2145"]
[PlyCount "82"]
[EventDate "2009.01.02"]

1. e4 e5 2. Nf3 Nc6 3. Bc4 Bc5 4. Nc3 d6 5. d3 Bg4 6. h3 Bh5 7. g4 Bg6 8. Bg5
f6 9. Be3 Qd7 10. Qd2 O-O-O 11. O-O-O Nge7 12. Nh4 Nd4 13. f4 Nec6 14. f5 Bf7
15. Bxf7 Qxf7 16. Nd5 Ne7 17. Nxe7+ Qxe7 18. c3 Nc6 19. Bxc5 dxc5 20. Qe2 Rd7
21. Ng2 Rhd8 22. Ne3 Qf7 23. Kb1 Na5 24. Rd2 Rd6 25. Rhd1 Qd7 26. b3 b5 27. Nd5
c6 28. Ne3 Qf7 29. Kc2 b4 30. Nc4 Nxc4 31. dxc4 Qc7 32. Rxd6 Rxd6 33. Rxd6 Qxd6
34. Qd3 Kc7 35. Qxd6+ Kxd6 36. h4 h5 37. gxh5 Ke7 38. h6 gxh6 39. h5 Kd6 40.
Kb2 Kc7 41. a3 a5 1/2-1/2

[Event "41 Indiv. Ch. Greece-Men U20 "]
[Site "?"]
[Date "2009.01.08"]
[Round "9.7"]
[White "Xylogiannopoulos, Antonios"]
[Black "Harokopakis, Georgios"]
[Result "0-1"]
[WhiteElo "1964"]
[BlackElo "1885"]
[PlyCount "76"]
[EventDate "2009.01.02"]

1. e4 c5 2. Nf3 d6 3. d4 cxd4 4. Nxd4 Nf6 5. Nc3 Nc6 6. Nb3 e6 7. f4 a6 8. Be3
b5 9. a3 Bb7 10. Bd3 Be7 11. O-O O-O 12. Qe2 Re8 13. h3 e5 14. Rad1 exf4 15.
Bxf4 Qb6+ 16. Be3 Qc7 17. Rxf6 Bxf6 18. Nd5 Qd8 19. Rf1 Bxb2 20. c3 Bxa3 21.
Qg4 Ne5 22. Qg3 Bxd5 23. exd5 Rc8 24. Bd4 Qc7 25. Rf5 g6 26. Rh5 Qe7 27. Bc2 b4
28. Rg5 bxc3 29. Qh4 a5 30. Qh6 a4 31. Na5 Bc5 32. Bxc5 Rxc5 33. Nb7 Qxb7 34.
Rh5 f5 35. Rg5 Qxd5 36. Bxf5 c2 37. Bxg6 c1=Q+ 38. Kh2 Qf4+ 0-1

[Event "41 Indiv. Ch. Greece-Men U20 "]
[Site "?"]
[Date "2009.01.08"]
[Round "9.8"]
[White "Papadopoulos, Nikolaos"]
[Black "Tsiropoulas, Apostolos"]
[Result "1-0"]
[WhiteElo "2129"]
[BlackElo "1994"]
[PlyCount "113"]
[EventDate "2009.01.02"]

1. e4 e6 2. d4 d5 3. Nc3 Nf6 4. Bg5 Be7 5. e5 Nfd7 6. h4 Nc6 7. Nh3 Nf8 8. Qd2
Bd7 9. O-O-O Bxg5 10. hxg5 Qe7 11. Be2 O-O-O 12. f4 Kb8 13. Kb1 Bc8 14. g4 Nd7
15. f5 Nb6 16. f6 Qf8 17. Nf2 g6 18. Rh3 Na5 19. b3 c5 20. Nb5 Nc6 21. c3 Bd7
22. Nd6 cxd4 23. cxd4 Nc8 24. Nxc8 Rxc8 25. Kb2 Qd8 26. Rc3 Qb6 27. Qe3 Rc7 28.
Rc5 Rhc8 29. Rb5 Qa6 30. Rxd5 Qb6 31. Rb5 Qa6 32. Rc5 Qb6 33. Rdc1 a6 34. Ne4
Nb4 35. Bc4 Rxc5 36. dxc5 Qc7 37. Qc3 Qc6 38. Qd4 Qc7 39. Nd6 Qxc5 40. Qxc5
Rxc5 41. Nxf7 b5 42. Bf1 Rxc1 43. Kxc1 Kc7 44. a3 Nd5 45. Nd6 Kd8 46. Kd2 Nb6
47. Kc3 Bc6 48. Be2 Nd7 49. Kd4 Bd5 50. Bd1 Kc7 51. Ne4 Bxe4 52. Kxe4 a5 53.
Kd4 Kb6 54. Be2 a4 55. bxa4 bxa4 56. Bc4 Nf8 57. Bxe6 1-0

[Event "41 Indiv. Ch. Greece-Men U20 "]
[Site "?"]
[Date "2009.01.08"]
[Round "9.9"]
[White "Kafetzis, Georgios"]
[Black "Lakafosis, Ioannis"]
[Result "1-0"]
[WhiteElo "1866"]
[BlackElo "1930"]
[PlyCount "87"]
[EventDate "2009.01.02"]

1. e4 Nf6 2. e5 Nd5 3. d4 d6 4. c4 Nb6 5. exd6 cxd6 6. Nc3 g6 7. Be2 Bg7 8. Be3
Nc6 9. d5 Ne5 10. f4 Ned7 11. Nf3 Nf6 12. Bd4 O-O 13. O-O Bg4 14. b3 Rc8 15. h3
Bxf3 16. Bxf3 a5 17. Rc1 Nbd7 18. g4 Nc5 19. g5 Ne8 20. Bg4 Rb8 21. f5 Nd7 22.
Bxg7 Nxg7 23. f6 exf6 24. Bxd7 Qxd7 25. Ne4 Qxh3 26. Nxf6+ Kh8 27. Qf3 Qxf3 28.
Rxf3 Rbc8 29. Rh3 h5 30. gxh6 Nf5 31. a4 Rc7 32. Re1 Rfc8 33. Kf2 Re7 34. Rxe7
Nxe7 35. Re3 Nf5 36. Re8+ Rxe8 37. Nxe8 Kh7 38. c5 dxc5 39. d6 Nd4 40. d7 Ne6
41. Nd6 Nd8 42. Nc4 Kxh6 43. Nxa5 g5 44. Nxb7 1-0

[Event "41 Indiv. Ch. Greece-Men U20 "]
[Site "?"]
[Date "2009.01.08"]
[Round "9.10"]
[White "Bekakos, Mihail"]
[Black "Sidiropoulos, Leonidas"]
[Result "0-1"]
[WhiteElo "1628"]
[BlackElo "1683"]
[PlyCount "82"]
[EventDate "2009.01.02"]

1. e4 c5 2. Nc3 d6 3. f4 g6 4. Nf3 Bg7 5. Bc4 Nc6 6. O-O Nf6 7. d3 a6 8. a4 Rb8
9. Kh1 Bg4 10. Be3 Na5 11. Ba2 b5 12. h3 b4 13. hxg4 bxc3 14. bxc3 Nxg4 15. Bd2
e6 16. f5 exf5 17. exf5 Ne5 18. Qe1 O-O 19. Nxe5 Bxe5 20. d4 Bg7 21. fxg6 hxg6
22. Qf2 c4 23. Bf4 Rb7 24. Qg3 d5 25. Rab1 Rxb1 26. Rxb1 Re8 27. Bc7 Qd7 28.
Bxa5 Qxa4 29. Bxc4 Qxa5 30. Bb3 Re4 31. Qh3 Qd8 32. Qg3 Bf8 33. Kg1 Bd6 34. Qh3
Qg5 35. Ra1 Rh4 36. Qf3 Bh2+ 37. Kh1 Bf4+ 38. Kg1 Be3+ 39. Kf1 Rf4 40. Ke2 Rxf3
41. gxf3 Bc1 0-1

[Event "41 Indiv. Ch. Greece-Men U20 "]
[Site "?"]
[Date "2009.01.07"]
[Round "8.1"]
[White "Skoulakis, Charalambos"]
[Black "Kanakaris, Georgios"]
[Result "0-1"]
[WhiteElo "2068"]
[BlackElo "2359"]
[PlyCount "76"]
[EventDate "2009.01.02"]

1. e4 e6 2. d4 d5 3. Nd2 Nf6 4. e5 Nfd7 5. Bd3 c5 6. c3 Nc6 7. Ngf3 Be7 8. O-O
g5 9. a3 Qb6 10. h3 h5 11. Re1 g4 12. hxg4 hxg4 13. Nh2 g3 14. fxg3 cxd4 15. c4
Ncxe5 16. cxd5 Nxd3 17. Nc4 Qc5 18. Qxd3 Qxd5 19. Nf3 b5 20. Nce5 Bb7 21. Nxd7
Qxd7 22. Qxd4 Qxd4+ 23. Nxd4 Rd8 24. Be3 Bc5 25. Rad1 Rh5 26. Nc2 Rxd1 27. Rxd1
Be4 28. Nd4 Rd5 29. Bf2 a5 30. Rd2 a4 31. Kh2 e5 32. Nf3 Rxd2 33. Nxd2 Bxf2 34.
Nxe4 Bd4 35. Nd6+ Kd7 36. Nxb5 Bxb2 37. g4 Kc6 38. Na7+ Kc5 0-1

[Event "41 Indiv. Ch. Greece-Men U20 "]
[Site "?"]
[Date "2009.01.07"]
[Round "8.2"]
[White "Panagiotakopoulos, Gerasimos"]
[Black "Aggelis, Nikolaos"]
[Result "0-1"]
[WhiteElo "2096"]
[BlackElo "2301"]
[PlyCount "130"]
[EventDate "2009.01.02"]

1. e4 e5 2. Nf3 Nc6 3. Bc4 Bc5 4. O-O d6 5. c3 Bb6 6. b4 Nf6 7. d3 Ne7 8. a4 c6
9. Re1 O-O 10. d4 Ng6 11. a5 Bc7 12. dxe5 dxe5 13. Qxd8 Rxd8 14. Nbd2 h6 15.
Bb2 Nf4 16. Nb3 Bg4 17. Nh4 Be6 18. Bxe6 Nxe6 19. f3 g6 20. g3 Rd3 21. Rad1
Rad8 22. Rxd3 Rxd3 23. Kf2 b6 24. Ke2 Rd8 25. Ra1 c5 26. axb6 Bxb6 27. bxc5
Nxc5 28. Nxc5 Bxc5 29. Ba3 Rc8 30. Bxc5 Rxc5 31. Rxa7 Rxc3 32. Ra5 Rc2+ 33. Ke3
Rxh2 34. Rxe5 Nh5 35. f4 Nxg3 36. Ng2 Nxe4 37. Kf3 Nd6 38. Kg3 Rh1 39. Ne3 Re1
40. Kf2 Ra1 41. f5 Nxf5 42. Nxf5 gxf5 43. Rxf5 Ra3 44. Kg2 Kg7 45. Rb5 Kg6 46.
Rc5 h5 47. Rb5 f5 48. Rb4 Kg5 49. Rb8 h4 50. Rb4 h3+ 51. Kh2 f4 52. Rb8 Kg4 53.
Rg8+ Kf3 54. Rf8 Ke3 55. Kxh3 Ke2+ 56. Kg2 f3+ 57. Kg3 Re3 58. Rf7 Re8 59. Ra7
Rg8+ 60. Kh2 Rg2+ 61. Kh1 Kf2 62. Ra1 Rg8 63. Ra2+ Kg3 64. Ra7 Rh8+ 65. Kg1 f2+
0-1

[Event "41 Indiv. Ch. Greece-Men U20 "]
[Site "?"]
[Date "2009.01.07"]
[Round "8.3"]
[White "Pavlidis, Anastasios"]
[Black "Papadimitriou, Athanasios"]
[Result "1/2-1/2"]
[WhiteElo "2371"]
[BlackElo "2046"]
[PlyCount "176"]
[EventDate "2009.01.02"]

1. d4 g6 2. c4 Bg7 3. Nc3 c6 4. Nf3 d5 5. cxd5 cxd5 6. Qb3 Nf6 7. Bg5 Nc6 8. e3
e6 9. Bd3 O-O 10. O-O Qb6 11. Qxb6 axb6 12. Bf4 Nb4 13. Be2 Na6 14. Na4 Nd7 15.
Bb5 Nab8 16. Bxb8 Rxb8 17. Rac1 e5 18. Rxc8 Rbxc8 19. Bxd7 Rc7 20. Nxb6 e4 21.
Ne5 Rd8 22. Ba4 Bxe5 23. dxe5 d4 24. exd4 Rxd4 25. Bb3 Rc6 26. Nd5 Rc5 27. Nf6+
Kf8 28. Nxh7+ Kg7 29. Ng5 Rxe5 30. Nxf7 Rf5 31. f3 Rxf7 32. Bxf7 Kxf7 33. fxe4+
Ke6 34. e5 Kxe5 35. Re1+ Kf5 36. Re2 b5 37. a3 Rd3 38. Kf2 Kf4 39. Ke1 g5 40.
Rd2 Rb3 41. Kd1 Ke4 42. Kc2 Re3 43. b3 Kf4 44. Kb2 Re5 45. a4 Ke3 46. Rc2 b4
47. a5 Kd3 48. a6 Re7 49. Rf2 Rc7 50. h3 Re7 51. g3 Rc7 52. Kb1 Re7 53. Kb2 Rc7
54. Rf6 Rc2+ 55. Kb1 Rh2 56. Rf3+ Kd4 57. Rf1 Rxh3 58. a7 Rh8 59. Rc1 Kd3 60.
Rf1 Kc3 61. Rf3+ Kd4 62. Rf2 Kc3 63. Ka2 Re8 64. g4 Rh8 65. Rf3+ Kd4 66. Rf5
Rh2+ 67. Ka1 Rh1+ 68. Kb2 Rh2+ 69. Kb1 Rh1+ 70. Kc2 Rh2+ 71. Kc1 Rh1+ 72. Kd2
Rh2+ 73. Ke1 Ra2 74. Rxg5 Rxa7 75. Rf5 Ke3 76. Kf1 Rg7 77. g5 Ke4 78. Rb5 Kd3
79. Rc5 Kd4 80. Rc4+ Ke3 81. Rg4 Kf3 82. Rg2 Rg6 83. Kg1 Ke3 84. Rg3+ Kf4 85.
Kf2 Rc6 86. Rd3 Kxg5 87. Rd4 Rc3 88. Rxb4 Kf5 1/2-1/2

[Event "41 Indiv. Ch. Greece-Men U20 "]
[Site "?"]
[Date "2009.01.07"]
[Round "8.4"]
[White "Ketzetzis, Georgios"]
[Black "Xylogiannopoulos, Antonios"]
[Result "1/2-1/2"]
[WhiteElo "2243"]
[BlackElo "1964"]
[PlyCount "115"]
[EventDate "2009.01.02"]

1. e4 c5 2. Nf3 e6 3. c4 Nc6 4. Nc3 e5 5. Be2 g6 6. a3 Bg7 7. b4 d6 8. d3 Nge7
9. Be3 b6 10. b5 Nd4 11. a4 O-O 12. O-O h6 13. Bxd4 cxd4 14. Nd5 f5 15. Nd2
Nxd5 16. cxd5 Bd7 17. Qb3 f4 18. Qb4 Qe7 19. Rfc1 Rfc8 20. Rc6 Bxc6 21. dxc6 a5
22. Qb3+ Kh7 23. Bg4 Rc7 24. Qd5 Rb8 25. Nc4 Bf8 26. Kf1 Qh4 27. h3 h5 28. Bd7
Qf6 29. Ke2 Be7 30. Qe6 Kg7 31. Qd5 Rf8 32. f3 Rb8 33. Rg1 g5 34. Bf5 h4 35.
Rb1 Bd8 36. Nxd6 Re7 37. Bg4 Bc7 38. Nf5+ Kg6 39. Nxe7+ Qxe7 40. Qd7 Qxd7 41.
cxd7 Bd6 42. Rc1 Bc5 43. Kd2 Kf6 44. Rxc5 bxc5 45. Kc2 Ke7 46. Kb3 Kd6 47. Kc4
Rd8 48. Bf5 Rg8 49. b6 Kc6 50. b7 Rd8 51. Bg4 Rh8 52. Bf5 Rd8 53. Bg4 Rh8 54.
d8=Q Rxd8 55. Bc8 Kc7 56. Kxc5 Rh8 57. Kd5 Re8 58. Kc5 1/2-1/2

[Event "41 Indiv. Ch. Greece-Men U20 "]
[Site "?"]
[Date "2009.01.07"]
[Round "8.5"]
[White "Stavrianakis, Ioannis"]
[Black "Papadopoulos, Nikolaos"]
[Result "1-0"]
[WhiteElo "2214"]
[BlackElo "2129"]
[PlyCount "189"]
[EventDate "2009.01.02"]

1. d4 g6 2. e4 d6 3. Bd3 Nf6 4. Nf3 Bg7 5. O-O O-O 6. c3 Nc6 7. h3 e5 8. Nbd2
a6 9. Re1 Re8 10. Nb3 h6 11. Bd2 Nh5 12. Be3 Qf6 13. Nbd2 Nf4 14. Bxf4 Qxf4 15.
d5 Nb8 16. c4 Nd7 17. b4 Qf6 18. Qc2 Bf8 19. Nb3 c6 20. c5 dxc5 21. bxc5 b6 22.
cxb6 cxd5 23. exd5 Bb7 24. Qc7 Bxd5 25. Qxd7 Rad8 26. Qa4 Bc6 27. Qxa6 e4 28.
Bf1 exf3 29. g3 Bd6 30. Rxe8+ Rxe8 31. Qd3 Be4 32. Qb5 Re6 33. b7 Bb8 34. Rc1
Kh7 35. Rc8 Bxg3 36. b8=Q Bxb8 37. Qxb8 Re5 38. Kh1 Bf5 39. Re8 Rxe8 40. Qxe8
Be6 41. Qa4 Qc3 42. Kg1 Qe1 43. h4 Qd1 44. Qf4 Qd5 45. Nd4 g5 46. hxg5 hxg5 47.
Bd3+ Kg8 48. Qe4 Qxe4 49. Bxe4 Bxa2 50. Nxf3 f6 51. Nd4 Kf7 52. Kg2 Ke7 53. Kg3
Kd6 54. Nf3 Be6 55. Nd4 Bd7 56. Bf5 Ba4 57. Kf3 Ke5 58. Ke3 Bd1 59. Bc2 Bg4 60.
Nf3+ Ke6 61. Bb3+ Kd6 62. Ke4 Bc8 63. Nd4 Bd7 64. Nf5+ Kc5 65. Ne7 Kd6 66. Nf5+
Kc5 67. Bf7 Bc6+ 68. Ke3 Bd7 69. Ng3 Kd6 70. Kd4 Bc8 71. Bg6 Bb7 72. Ne4+ Ke7
73. Bf5 Bc6 74. Kc5 Bb7 75. Nc3 Bf3 76. Nd5+ Kf7 77. Kd6 Bg2 78. Ne7 Bf3 79.
Kd7 Bg2 80. Nc8 Bd5 81. Nd6+ Kf8 82. Be6 Bf3 83. Ne8 f5 84. Bxf5 Kf7 85. Be6+
Kg6 86. Kd6 g4 87. Ke5 Kg5 88. Nf6 Bd1 89. Ne4+ Kh4 90. Kf4 Kh3 91. Ng3 Kg2 92.
Ke3 Bf3 93. Bd7 Bd1 94. Bf5 Kg1 95. Ne2+ 1-0

[Event "41 Indiv. Ch. Greece-Men U20 "]
[Site "?"]
[Date "2009.01.07"]
[Round "8.6"]
[White "Panagiotakos, Nikolaos"]
[Black "Bizopoulos, Alexandros"]
[Result "1/2-1/2"]
[WhiteElo "2145"]
[BlackElo "2146"]
[PlyCount "113"]
[EventDate "2009.01.02"]

1. e4 c5 2. c3 Nf6 3. e5 Nd5 4. d4 cxd4 5. cxd4 e6 6. Nf3 b6 7. Bd3 Ba6 8. O-O
Be7 9. Nc3 Nxc3 10. bxc3 Bxd3 11. Qxd3 d5 12. exd6 Qxd6 13. Ba3 Qc7 14. Bxe7
Kxe7 15. Ne5 Nd7 16. Qg3 Nxe5 17. dxe5 Kf8 18. Rad1 Rd8 19. Qg5 Rd7 20. Qg4 h5
21. Qf3 g6 22. Rxd7 Qxd7 23. Rd1 Qe7 24. Qf6 Qxf6 25. exf6 Kg8 26. h4 Kh7 27.
Rd7 g5 28. hxg5 Kg6 29. f4 Rc8 30. Rxa7 Rxc3 31. Ra8 Kf5 32. Rh8 Rg3 33. Rxh5
Kxf4 34. Rh7 Ra3 35. g6 fxg6 36. Rh3 Ra8 37. Rf3+ Ke5 38. f7 Rf8 39. Kf2 Kd6
40. Ke3 Ke7 41. Ke4 Rxf7 42. Rxf7+ Kxf7 43. Ke5 Ke7 44. a3 Kf7 45. g3 Ke7 46.
g4 g5 47. a4 Kf7 48. Kd6 Kf6 49. Kc6 e5 50. Kd5 e4 51. Kxe4 Ke6 52. Kd4 Kd6 53.
Kc4 Kc6 54. Kb4 Kd6 55. Kb5 Kc7 56. Kb4 Kd6 57. Kb5 1/2-1/2

[Event "41 Indiv. Ch. Greece-Men U20 "]
[Site "?"]
[Date "2009.01.07"]
[Round "8.7"]
[White "Tsiropoulas, Apostolos"]
[Black "Tzouganakis, Panteleimon"]
[Result "0-1"]
[WhiteElo "1994"]
[BlackElo "2023"]
[PlyCount "110"]
[EventDate "2009.01.02"]

1. e4 c5 2. Nf3 d6 3. d4 cxd4 4. Nxd4 Nf6 5. Nc3 e6 6. Bg5 a6 7. a4 Be7 8. Be2
O-O 9. O-O Nc6 10. Kh1 Qc7 11. Qd2 Bd7 12. Nb3 b6 13. Rfb1 Ne8 14. Bxe7 Nxe7
15. Bf3 Bc6 16. Nd4 Bb7 17. Nde2 Nc6 18. g3 Rd8 19. Bg2 Nf6 20. f4 Na5 21. b3
Rd7 22. Rf1 Re8 23. Rad1 Qc5 24. Qd4 Qxd4 25. Rxd4 Nc6 26. Rd2 Nb4 27. h3 Red8
28. Rfd1 Kf8 29. Kg1 Ne8 30. Nb1 Nc6 31. c4 Nf6 32. Nbc3 Na5 33. Nc1 Ke7 34.
Kf2 h6 35. Bf3 g5 36. f5 h5 37. g4 hxg4 38. hxg4 Rh8 39. e5 dxe5 40. Rxd7+ Nxd7
41. fxe6 fxe6 42. Bxb7 Nxb7 43. Ne4 Nbc5 44. Nxg5 Rg8 45. Nf3 Rxg4 46. b4 Ne4+
47. Ke3 Nd6 48. c5 bxc5 49. bxc5 Nxc5 50. Rg1 Rxa4 51. Rg7+ Kf6 52. Rc7 Rc4 53.
Nd3 Nf5+ 54. Ke2 Re4+ 55. Kd2 Nxd3 0-1

[Event "41 Indiv. Ch. Greece-Men U20 "]
[Site "?"]
[Date "2009.01.07"]
[Round "8.8"]
[White "Malamatas, Konstantinos"]
[Black "Mihopoulos, Konstantinos"]
[Result "0-1"]
[WhiteElo "1968"]
[BlackElo "1913"]
[PlyCount "76"]
[EventDate "2009.01.02"]

1. e4 c5 2. Nc3 g6 3. f4 Bg7 4. Nf3 e6 5. Bc4 a6 6. d3 d6 7. f5 Ne7 8. Bg5 exf5
9. Nd5 Nbc6 10. Bf6 O-O 11. Qd2 b5 12. Bb3 fxe4 13. Ng5 exd3 14. cxd3 Bf5 15.
O-O Qd7 16. Nb6 Qa7 17. Bxg7 Kxg7 18. Nxa8 c4+ 19. Kh1 cxb3 20. Qc3+ Kg8 21.
Qxb3 Qxa8 22. Rae1 Qb7 23. h3 h6 24. Ne4 Bxe4 25. dxe4 Ne5 26. Qe3 h5 27. Rd1
N7c6 28. Qg5 Nb4 29. Qe3 Nxa2 30. Qd4 a5 31. Qxd6 Nc4 32. Qd4 Nb4 33. Qf2 Qxe4
34. Rd7 Nd3 35. Qa7 Ne3 36. Rf3 Ne5 37. Qxe3 Qxe3 38. Rxe3 Nxd7 0-1

[Event "41 Indiv. Ch. Greece-Men U20 "]
[Site "?"]
[Date "2009.01.07"]
[Round "8.9"]
[White "Harokopakis, Georgios"]
[Black "Stathopoulos, Ioannis"]
[Result "1-0"]
[WhiteElo "1885"]
[BlackElo "1799"]
[PlyCount "51"]
[EventDate "2009.01.02"]

1. e4 c6 2. d4 d5 3. Nc3 dxe4 4. Nxe4 Nf6 5. Nxf6+ gxf6 6. c3 Bf5 7. Nf3 e6 8.
g3 Qc7 9. Bg2 Nd7 10. O-O O-O-O 11. b4 Be7 12. a4 Be4 13. Re1 f5 14. Bf1 c5 15.
bxc5 Nxc5 16. Ne5 f6 17. Nf7 Rhf8 18. Nxd8 Rxd8 19. f3 Bc6 20. Qe2 Nxa4 21.
Qxe6+ Bd7 22. Qxe7 Re8 23. Qxe8+ Bxe8 24. Rxe8+ Kd7 25. Bb5+ Kd6 26. Bf4+ 1-0

[Event "41 Indiv. Ch. Greece-Men U20 "]
[Site "?"]
[Date "2009.01.07"]
[Round "8.10"]
[White "Sidiropoulos, Leonidas"]
[Black "Papadopoulos, Georgios"]
[Result "1-0"]
[WhiteElo "1683"]
[BlackElo "1664"]
[PlyCount "77"]
[EventDate "2009.01.02"]

1. d4 Nf6 2. c4 e6 3. a3 b6 4. Nc3 Bb7 5. d5 d6 6. e4 e5 7. Be3 Nbd7 8. Bd3 g6
9. f3 Bg7 10. Nge2 O-O 11. Qd2 a5 12. g4 h5 13. Rg1 Nc5 14. Bc2 Ba6 15. b3 hxg4
16. fxg4 Qd7 17. h3 c6 18. b4 axb4 19. axb4 Nb7 20. dxc6 Qxc6 21. b5 Bxb5 22.
Rxa8 Rxa8 23. cxb5 Qd7 24. Bxb6 Qe6 25. Nd5 Ra1+ 26. Kf2 Ra2 27. Nxf6+ Qxf6+
28. Kg2 Ra3 29. Rf1 Qh4 30. Bd3 Bh6 31. Be3 Nc5 32. Nc1 Nxe4 33. Qe1 Ng3 34.
Bxh6 Qxh6 35. Qxg3 Qd2+ 36. Qf2 Qc3 37. Qxf7+ Kh8 38. Qf8+ Kh7 39. Rf7# 1-0

[Event "41 Indiv. Ch. Greece-Men U20 "]
[Site "?"]
[Date "2009.01.06"]
[Round "7.1"]
[White "Kanakaris, Georgios"]
[Black "Pavlidis, Anastasios"]
[Result "1-0"]
[WhiteElo "2359"]
[BlackElo "2371"]
[PlyCount "65"]
[EventDate "2009.01.02"]

1. d4 Nf6 2. c4 g6 3. Nc3 Bg7 4. e4 d6 5. f3 O-O 6. Bg5 c5 7. d5 e6 8. Qd2 Qa5
9. Nb5 Qb6 10. a4 exd5 11. cxd5 Re8 12. Bf4 Bf8 13. Ne2 a6 14. Na3 Nbd7 15. Nc4
Qc7 16. Nc3 b6 17. Be2 Rb8 18. Na3 Ne5 19. O-O Bg7 20. Rae1 Qe7 21. Bg5 Qf8 22.
f4 Neg4 23. h3 Ne3 24. Qxe3 Nxe4 25. Nxe4 Bd4 26. Qxd4 cxd4 27. Nf6+ Kg7 28.
Nxe8+ Qxe8 29. Bb5 Qxe1 30. Rxe1 axb5 31. Nxb5 d3 32. Nxd6 Bd7 33. Rd1 1-0

[Event "41 Indiv. Ch. Greece-Men U20 "]
[Site "?"]
[Date "2009.01.06"]
[Round "7.2"]
[White "Skoulakis, Charalambos"]
[Black "Panagiotakopoulos, Gerasimos"]
[Result "1/2-1/2"]
[WhiteElo "2068"]
[BlackElo "2096"]
[PlyCount "164"]
[EventDate "2009.01.02"]

1. e4 c5 2. Nf3 d6 3. d4 cxd4 4. Nxd4 Nf6 5. f3 e5 6. Bb5+ Nbd7 7. Nf5 d5 8.
exd5 a6 9. Ba4 b5 10. Bb3 Nb6 11. Ne3 Bb7 12. Nc3 b4 13. Ne4 Nxe4 14. fxe4 Qh4+
15. Ke2 Qxe4 16. Qd3 Qh4 17. c4 bxc3 18. bxc3 Bc5 19. a4 O-O 20. a5 Nd7 21. Ra4
Qh5+ 22. g4 Qh3 23. Rf1 Qxh2+ 24. Rf2 Qh4 25. Rg2 Qh1 26. Qd1 Qxd1+ 27. Kxd1
Rfd8 28. g5 Rac8 29. c4 Rb8 30. Bc2 Bc8 31. Rh2 Nf8 32. Ke2 Bd7 33. Ra2 Ng6 34.
Bb2 f6 35. Bc3 Rdc8 36. Nf5 fxg5 37. d6 Re8 38. Ne7+ Nxe7 39. dxe7 g6 40. Be4
Rxe7 41. Rd2 Bg4+ 42. Kd3 Kg7 43. Kc2 Rc8 44. Rd5 Kf6 45. Rh1 Bd4 46. Rxd4 exd4
47. Bxd4+ Ke6 48. Kc3 Rb8 49. Bd5+ Kd6 50. Bf6 Re3+ 51. Kd4 Rbe8 52. c5+ Kd7
53. Rxh7+ Kc8 54. Bxg5 Rf3 55. Ra7 Ref8 56. Ra8+ Kc7 57. Ra7+ Kb8 58. Ra8+ Kc7
59. Rxa6 Rf1 60. Rc6+ Kd7 61. Rd6+ Kc7 62. Rc6+ Kd7 63. Rd6+ Kc7 64. a6 Rd1+
65. Kc3 Bf3 66. Rc6+ Kb8 67. Rb6+ Ka7 68. Bc4 Bd5 69. Be2 Re1 70. Kd2 Ra1 71.
Rxg6 Ra2+ 72. Kd3 Re8 73. Rg7+ Ka8 74. Bh5 Rh8 75. Bg6 Rxa6 76. Kd4 Bb7 77. Bd3
Ra4+ 78. Ke5 Rc8 79. Be7 Ra3 80. Bf5 Re8 81. Bg6 Re3+ 82. Kd6 Rc8 1/2-1/2

[Event "41 Indiv. Ch. Greece-Men U20 "]
[Site "?"]
[Date "2009.01.06"]
[Round "7.3"]
[White "Tzouganakis, Panteleimon"]
[Black "Aggelis, Nikolaos"]
[Result "0-1"]
[WhiteElo "2023"]
[BlackElo "2301"]
[PlyCount "120"]
[EventDate "2009.01.02"]

1. e4 e5 2. Nf3 Nc6 3. Bc4 Bc5 4. c3 Nf6 5. d3 d6 6. Bb3 Bb6 7. Nbd2 Ne7 8. Nc4
Ng6 9. h3 O-O 10. O-O Qe7 11. Nxb6 axb6 12. Bc2 h6 13. Re1 Nh5 14. d4 Nhf4 15.
Be3 Qf6 16. a4 Re8 17. d5 Bd7 18. b4 Ra6 19. c4 h5 20. c5 bxc5 21. bxc5 dxc5
22. Bxc5 Nh4 23. Nxh4 Qxh4 24. Re3 Rg6 25. Rg3 Rxg3 26. fxg3 Qxg3 27. Qf3 Nxh3+
28. Kh1 Qxf3 29. gxf3 Ra8 30. d6 cxd6 31. Bxd6 f6 32. Bb3+ Kh7 33. a5 Nf4 34.
Bc7 Rc8 35. Bb6 Rc3 36. Bd1 Bc6 37. Bg1 g5 38. Bh2 g4 39. Bxf4 exf4 40. fxg4
Rh3+ 41. Kg2 hxg4 42. Bxg4 Rg3+ 43. Kf2 Rxg4 44. Kf3 f5 45. a6 Bxe4+ 46. Kf2
Rg2+ 47. Kf1 bxa6 48. Rxa6 Bd3+ 49. Kxg2 Bxa6 50. Kf3 Kg6 51. Kxf4 Bc8 52. Kf3
Kg5 53. Kg3 f4+ 54. Kf3 Kf5 55. Kf2 Ke4 56. Ke2 f3+ 57. Kf2 Kf4 58. Kg1 Kg3 59.
Kh1 Ba6 60. Kg1 f2+ 0-1

[Event "41 Indiv. Ch. Greece-Men U20 "]
[Site "?"]
[Date "2009.01.06"]
[Round "7.4"]
[White "Papadimitriou, Athanasios"]
[Black "Stavrianakis, Ioannis"]
[Result "1/2-1/2"]
[WhiteElo "2046"]
[BlackElo "2214"]
[PlyCount "54"]
[EventDate "2009.01.02"]

1. Nf3 d5 2. g3 Nf6 3. Bg2 c6 4. b3 Bf5 5. Bb2 e6 6. O-O Be7 7. d3 h6 8. Nbd2
O-O 9. c4 Nbd7 10. Rc1 Bh7 11. Rc2 Re8 12. Qa1 Qb6 13. Ne5 Nxe5 14. Bxe5 Rad8
15. Nf3 a5 16. c5 Bxc5 17. Bxf6 gxf6 18. Qxf6 Bg6 19. Ne5 Be7 20. Qf3 Qd4 21.
Nxg6 fxg6 22. Qe3 Qxe3 23. fxe3 e5 24. e4 d4 25. h4 Rf8 26. Rcc1 Kg7 27. Bh3
Rxf1+ 1/2-1/2

[Event "41 Indiv. Ch. Greece-Men U20 "]
[Site "?"]
[Date "2009.01.06"]
[Round "7.6"]
[White "Bizopoulos, Alexandros"]
[Black "Harokopakis, Georgios"]
[Result "1-0"]
[WhiteElo "2146"]
[BlackElo "1885"]
[PlyCount "165"]
[EventDate "2009.01.02"]

1. Nf3 d5 2. c4 c6 3. b3 Nf6 4. Bb2 Bg4 5. Ne5 Bf5 6. d3 Nbd7 7. Nd2 Nxe5 8.
Bxe5 e6 9. g3 d4 10. Bxf6 Qxf6 11. Bg2 Bb4 12. O-O Qh6 13. Nf3 Bh3 14. Qc2 Bxg2
15. Kxg2 Qf6 16. a3 Be7 17. b4 g5 18. e3 dxe3 19. fxe3 g4 20. Nd4 Qh6 21. Qf2
O-O 22. Nb3 Rad8 23. d4 Bg5 24. Rae1 Qg6 25. e4 f5 26. exf5 exf5 27. Nc5 Rf6
28. Nxb7 Rdf8 29. Nc5 Qf7 30. Re5 Qxc4 31. Rfe1 R6f7 32. Ne6 Bf6 33. Nxf8 Bxe5
34. dxe5 Kxf8 35. Qf4 Qa2+ 36. Kg1 Qe6 37. a4 Rd7 38. Rf1 Rf7 39. Rd1 Rd7 40.
Rf1 Rf7 41. a5 Qd5 42. Re1 Qe6 43. Qe3 Kg7 44. Qg5+ Kf8 45. Qd8+ Kg7 46. Qg5+
Kf8 47. Rd1 Rd7 48. Rf1 Rf7 49. Qf4 Kg7 50. Rd1 Rd7 51. Rd4 h6 52. Qd2 Rxd4 53.
Qxd4 Kg6 54. Qxa7 Qxe5 55. Qf2 Qa1+ 56. Kg2 Qa3 57. Qd2 Qa4 58. Kf2 Qb5 59. Ke1
Qe5+ 60. Kd1 Qa1+ 61. Kc2 Qa4+ 62. Kc3 Qa1+ 63. Kc4 Qe5 64. Qd4 Qb5+ 65. Kc3
Qa4 66. Qd6+ Kg5 67. Kd4 Qb5 68. Qe7+ Kg6 69. Qc5 Qb7 70. Ke5 Kg5 71. Kd6 h5
72. Qe3+ Kg6 73. Qb6 Qa8 74. Qxc6 Qb8+ 75. Kc5+ Kg5 76. a6 Qa7+ 77. Qb6 Qe7+
78. Qd6 Qa7+ 79. Kb5 Qg1 80. Qd8+ Kg6 81. Qb6+ Qxb6+ 82. Kxb6 h4 83. a7 1-0